| 000 | 00719nam a2200205Ii 4500 | ||
|---|---|---|---|
| 003 | JO-AjNU | ||
| 008 | 230605s9999||||xx |||||||||||||| ||und|| | ||
| 017 | _a2004/9/2213 | ||
| 040 |
_aJO-AjNU _bara _erda _cJO-AjNU |
||
| 041 | _aara | ||
| 050 | 1 | 4 | _aLB1027.5.A2822 2005 |
| 100 | 3 |
_aأبوعابد،محمود محمد , _eauthor _930384 |
|
| 245 | 0 | 0 | _aالمرجع في الإشراف التربوي والعملية الإشرافية |
| 264 | 3 | 1 | _aإربد:دار المتنبي،2005 |
| 300 | _a358ص | ||
| 336 |
_atext _btxt _2rdacontent |
||
| 337 |
_aunmediated _bn _2rdamedia |
||
| 338 |
_avolume _bnc _2rdacarrier |
||
| 650 | 4 |
_aالتوجيه الفني التربوي-الاشراف التربوي _930385 |
|
| 999 |
_aA12037 _c15605 _d15605 |
||